000 00768nam a22002417a 4500
005 20170124105952.0
010 _a631089
020 _c6.00
035 _a631089
037 _bCen Lib/Ret
040 _aDPL
_bEN
082 _a338.952
_bHOL
100 _aHollerman, Leon
_913907
245 _aJapan's dependence on the world economy :
_cby Leon Hollerman
_bthe approach towards economic liberalization /
246 _b
260 _bScientific Book Agency
_aCalcutta
_c1971
270 _a22 Raja Woodmunt Street
_bCalcutta
300 _axv,291p. :
_c21cm(Hb)
_bill.
500 _aIncludes index.
650 _aJapan -- Foreign economic relations.
_913908
650 _aJapan -- Commercial policy.
_913909
942 _2ddc
_cEN
_h338.952
_mHOL
999 _c125372
_d125372